La comprensión lectora : (Registro nro. 32595)
[ vista simple ]
| 000 -CABECERA | |
|---|---|
| campo fijo de control de longitud | 01430nab a2200241 4500 |
| 003 - IDENTIFICADOR DEL NÚMERO DE CONTROL | |
| campo de control | AR-RoBPED |
| 005 - FECHA Y HORADE LA ULTIMA TRANSACCION | |
| campo de control | 20260422101609.0 |
| 008 - ELEMENTOS DE LONGITUD FIJA--INFORMACION GENERAL | |
| campo fijo de control de longitud | 260422b |||||||| |||| 00| 0 spa d |
| 040 ## - FUENTE CATALOGADORA | |
| Centro catalogador/agencia de origen | AR-RoBPED |
| 041 ## - IDIOMA | |
| Código de idioma para texto/pista de sonido o título independiente | spa |
| 100 1# - ENCABEZAMIENTO PRINCIPAL--AUTOR PERSONAL | |
| Nombre de persona | Pérez Lindo, Paula |
| 9 (RLIN) | 22099 |
| Función | Profesora en Ciencias del Lenguaje y la Comunicación para Nivel Secundario y Superior |
| 245 13 - TITULO | |
| Título | La comprensión lectora : |
| Subtítulo | ovillando y desovillando textos / |
| 260 ## - PUBLICACION | |
| Lugar | Buenos Aires : |
| Editor | Noveduc, |
| Fecha | 2024 |
| 300 ## - DESCRIPCION FISICA | |
| Extensión | 52-55 p. |
| 500 ## - NOTA GENERAL | |
| Nota general | La comprensión lectora es una capacidad metodológica que se aprende y que, para ser aprendida necesita ser enseñada a través de diversas estrategias, es decir, por medio de un conjunto de acciones ordenadas y finalizadas, dirigidas a la consecución de una meta. Los lectores competentes son capaces de someter a un análisis crítico y reflexivo la información que circula de manera cotidiana en los diferentes medios masivos de comunicación, teniendo asimismo la posibilidad de transformar su entorno social valiéndose de las habilidades adquiridas. |
| 650 #7 - TERMINO DE MATERIA--CONTROLADO | |
| Término controlado | COMPRENSION LECTORA |
| 9 (RLIN) | 18739 |
| Término controlado | APRENDIZAJE |
| 9 (RLIN) | 560 |
| Término controlado | LECTURA |
| 9 (RLIN) | 160 |
| Término controlado | ESTRATEGIAS DE ENSEÑANZA |
| 9 (RLIN) | 12825 |
| 773 0# - DOCUMENTO FUENTE | |
| Host Biblionumber | 20414 |
| Host Itemnumber | 41862 |
| Place, publisher, and date of publication | Buenos Aires : Noveduc, 1993- |
| Título | Novedades Educativas |
| Record control number | (AR-RoBPED)20414 |
| International Standard Serial Number | 03283534 |
| 942 ## - ELEMENTOS KOHA | |
| Fuente de clasificación | Universal Decimal Classification |
| Koha tipo de ítem | Revistas |
| Clasificación | 37(05) |
| Signatura librística | Nov 86 N° 399 (Nov.2024) |
| Número Koha | k.32595 |
| 945 ## - PROCESAMIENTO DE LA INFORMACIÓN LOCAL | |
| Catalogador y fecha | mar 04/2026 |
No hay ítems disponibles.